Indiánsky oheň cesta Latinskou Amerikou po stopách najvýznamnejších indiánskych vojen a najstarších indiánskych bojovníkov

Bibliographic Details
Main Author: Stingl, Miloslav, 1930-2020 (Author)
Other Authors: Hatalová, Katarína, 1931- (Translator), Jakabová, Adela, 1945- (Illustrator)
Format: Book
Language:Slovak
Czech
PhysicalDescription:159 s. ilustr., mp. 21 cm
Published: Bratislava Mladé letá 1979
Edition:1. vyd.
Series:Klub mladých čitateľov
Subjects:

MARC

LEADER 00000cam a2200000 a 4500
001 vtls001116559
003 SK-MaSNL
005 20260309124041.0
008 240226s1979 xo ab j 000 0 slo
015 |a SNBA1979 
020 |q (viaz.) 
035 |a SNK000059402 
035 |a 52973EFE-E24A-4E35-A6AB-ECEB16380195 
035 |a urn:nbn:sk:snk-am00iea6 
040 |a SNK  |b slo  |c SNK  |e AACR2 
041 1 |a slo  |h cze 
043 |a cl----- 
044 |a xo  |c SK 
080 |a 885.0-96(087.5)  |2 1981 
100 1 |a Stingl, Miloslav,  |d 1930-2020  |4 aut  |9 199893 
240 1 0 |a Indiánsky oheň  |l Česky 
245 1 0 |a Indiánsky oheň  |b cesta Latinskou Amerikou po stopách najvýznamnejších indiánskych vojen a najstarších indiánskych bojovníkov  |c Miloslav Stingl ; z českého originálu Indiánsky oheň ... preložila Katarína Hatalová ; ilustrovala a graficky upravila Adela Jakabová 
250 |a 1. vyd. 
260 |a Bratislava  |b Mladé letá  |c 1979  |e Bratislava  |f Svornosť 
300 |a 159 s.  |b ilustr., mp.  |c 21 cm 
366 |e 18500 výtl. 
490 1 |a Klub mladých čitateľov 
500 |a Ilustrácie na frontispice a predsádkach 
521 8 |a Pre čitateľov od 13 rokov 
650 0 7 |a Indiáni  |2 SNKPH  |9 73375 
650 0 7 |a boj za nezávislosť  |2 SNKPH  |9 49945 
651 7 |a Latinská Amerika  |2 SNKPHgeo  |9 31844 
655 7 |a populárno-náučné publikácie  |2 SNKPH  |9 70460 
655 7 |a publikácie pre mládež  |2 SNKPH  |9 70434 
700 1 |a Hatalová, Katarína,  |d 1931-  |4 trl  |9 226355 
700 1 |a Jakabová, Adela,  |d 1945-  |4 ill  |9 37010 
830 0 |a Klub mladých čitateľov  |9 276979 
852 |a Slovenská národná knižnica 
954 |a odborná, vedecká literatúra cudzojazyčná (svetová)  |2 lita 
958 |a OND 
958 |a CZ 
958 |a LX 
958 |a DB 
958 |a SS 
958 |a TL 
958 |a UP 
958 |a EUIPO 
999 |c 1028511  |d 1030441 
952 |a SNK  |b SNK  |y PREZ  |7 0  |p 17A0820421  |o snkSC 47406  |i snkKSP 5467/79  |0 0  |1 0  |4 0  |d 2012-07-31  |f 1  |l 0  |r 2025-10-29 00:00:00  |w 2026-02-24 
952 |t P60, <04>, [BOOK], {604}  |a SNK  |b SNK  |y VYP  |7 0  |p 17A0029942  |o snkSC 47406 D1  |0 0  |1 0  |4 0  |d 1997-01-09  |l 0  |r 2004-12-31 00:00:00  |w 2026-02-24